00371nam a22001457a 450000500170000000800410001702000180005804100080007608200100008410000160009424500380011026000430014830000100019165000240020120180804111700.0160630b xxu||||| |||| 00| 0 eng d a81-219-2191-0 aeng b19804 aMEHTA, V.K. aPrinciples of electrical machines aNew DelhibSultan Chand & Sons, c2014 a665p, aDiploma Engineering